| 000 | 00612nam a2200229Ia 4500 | ||
|---|---|---|---|
| 003 | OSt | ||
| 005 | 20221006163909.0 | ||
| 006 | a|||||r|||| 00| 0 | ||
| 007 | ta | ||
| 008 | 221006b |||||||| |||| 00| 0 hin d | ||
| 024 | _a5,561 | ||
| 037 | _cTextual | ||
| 040 |
_aFML _cFML _bhin |
||
| 041 |
_2hin _ahin |
||
| 082 | _aQ127:24:9x1, K5 | ||
| 100 |
_aShankaracharya Cm. _9482756 |
||
| 245 | 0 | _aBrihardayanika Upnishad | |
| 260 |
_aKolkata _bAdwaita Ashram India _c1965 |
||
| 300 |
_a956 _ccm. |
||
| 942 |
_hQ127:24:9x1, K5 _cTEXL _2CC |
||
| 999 |
_c1115662 _d1115662 |
||